[Event "POL-chT2 South U19"]
[Site "Rudnik"]
[Date "2000.??.??"]
[Round "10.1"]
[White "Gorczyca, Dominika"]
[Black "Fudalej, Michal"]
[Result "0-1"]
[WhiteElo "1900"]
[BlackElo "2200"]
[PlyCount "74"]
[EventDate "2000.07.20"]
[EventType "team-swiss"]
[EventRounds "10"]
[EventCountry "POL"]
[SourceTitle "EXT 2005"]
[Source "ChessBase"]
[SourceDate "2004.11.15"]
[SourceVersion "1"]
[SourceVersionDate "2004.11.15"]
[SourceQuality "1"]
[WhiteTeam "POL-chT2 South U19 2"]
[BlackTeam "Zabrze Budosak U19"]
[WhiteTeamCountry "POL"]
[BlackTeamCountry "POL"]

1. c4 g6 2. d4 Bg7 3. Nf3 Nf6 4. Nc3 d6 5. e4 0-0 6. Be2 e5 7. d5 a5 8. 0-0 Na6 9. Bg5 h6 10. Bxf6 Qxf6 11. a3 Bd7 12. Na2 a4 13. Qc2 Nc5 14. Nd2 Qe7 15. Nc3 f5 16. b4 axb3 17. Nxb3 Nxe4 18. Nxe4 fxe4 19. Qxe4 Bf5 20. Qe3 b6 21. Ra2 Ra4 22. Nd4 Bd7 23. Bd3 Qf7 24. Nc2 Kh7 25. h4 h5 26. Qe2 Bg4 27. f3 Bd7 28. Qd1 Bh6 29. g4 Bf4 30. gxh5 Bf5 31. Bxf5 gxf5 32. Ne1 Rxc4 33. Ng2 Qxh5 34. Qd3 Rd4 35. Qb5 Bg3 36. a4 Rxh4 37. Nxh4 Qxh4 0-1

[Event "POL-ch U18 Girls"]
[Site "Wisla"]
[Date "2000.??.??"]
[Round "8"]
[White "Gorczyca, Dominika"]
[Black "Piktel, Marta"]
[Result "1/2-1/2"]
[WhiteElo "1800"]
[BlackElo "1800"]
[PlyCount "49"]
[EventDate "2000.02.26"]
[EventType "swiss"]
[EventRounds "10"]
[EventCountry "POL"]
[SourceTitle "EXT 2005"]
[Source "ChessBase"]
[SourceDate "2004.11.15"]
[SourceVersion "1"]
[SourceVersionDate "2004.11.15"]
[SourceQuality "1"]

1. e4 c5 2. Nc3 d6 3. Nf3 Nc6 4. Bc4 Nf6 5. 0-0 g6 6. h3 Bg7 7. d3 0-0 8. Be3 Bd7 9. a3 Rc8 10. Qd2 a6 11. Bh6 b5 12. Bxg7 Kxg7 13. Ba2 Qa5 14. Bb3 Nd4 15. Qe3 Nxb3 16. cxb3 Qd8 17. d4 Kg8 18. e5 cxd4 19. Qxd4 dxe5 20. Nxe5 Be6 21. Qe3 Qc7 22. Rfc1 Qb7 23. Ne2 Rxc1+ 24. Rxc1 Rc8 25. Nd4 1/2-1/2

[Event "POL-chT2 South U19"]
[Site "Rudnik"]
[Date "2000.??.??"]
[Round "6.2"]
[White "Piekos, Maciej"]
[Black "Gorczyca, Dominika"]
[Result "0-1"]
[WhiteElo "1800"]
[BlackElo "1900"]
[PlyCount "92"]
[EventDate "2000.07.20"]
[EventType "team-swiss"]
[EventRounds "10"]
[EventCountry "POL"]
[SourceTitle "EXT 2005"]
[Source "ChessBase"]
[SourceDate "2004.11.15"]
[SourceVersion "1"]
[SourceVersionDate "2004.11.15"]
[SourceQuality "1"]
[WhiteTeam "POL-chT2 South U19 3"]
[BlackTeam "POL-chT2 South U19 2"]
[WhiteTeamCountry "POL"]
[BlackTeamCountry "POL"]

1. d4 Nf6 2. c4 e6 3. Nf3 Bb4+ 4. Bd2 a5 5. Nc3 b6 6. e3 Bb7 7. a3 Bxc3 8. Bxc3 d6 9. Bd3 Nbd7 10. 0-0 0-0 11. Re1 Ne4 12. Bxe4 Bxe4 13. Qe2 f5 14. Nd2 Bb7 15. f3 Qe7 16. Rf1 e5 17. dxe5 Nxe5 18. Bxe5 Qxe5 19. Nb3 d5 20. f4 Qe7 21. Nd2 Rae8 22. cxd5 Bxd5 23. Rfe1 Rf6 24. Nf1 Re6 25. Rad1 Bb7 26. Qc4 Kf8 27. Qd3 Qf6 28. Qc2 Rc6 29. Qb3 Qg6 30. Ng3 Rc5 31. Rd3 h5 32. Rd2 h4 33. Nf1 h3 34. g3 Qc6 35. e4 Rxe4 36. Rd8+ Ke7 37. Qg8 Rxe1 38. Qf8+ Ke6 39. Qg8+ Kf6 40. Rf8+ Kg6 41. Qf7+ Kh7 42. Qg8+ Kh6 43. Qh8+ Kg6 44. Qxh3 Qh1+ 45. Kf2 Rxf1+ 46. Qxf1 Rc2+ 0-1

[Event "POL-ch U18 Girls"]
[Site "Wisla"]
[Date "2000.??.??"]
[Round "5"]
[White "Szymanowska, Karolina"]
[Black "Gorczyca, Dominika"]
[Result "0-1"]
[WhiteElo "2117"]
[BlackElo "1800"]
[PlyCount "76"]
[EventDate "2000.02.26"]
[EventType "swiss"]
[EventRounds "10"]
[EventCountry "POL"]
[SourceTitle "EXT 2005"]
[Source "ChessBase"]
[SourceDate "2004.11.15"]
[SourceVersion "1"]
[SourceVersionDate "2004.11.15"]
[SourceQuality "1"]

1. e4 Nc6 2. Nf3 d6 3. d4 g6 4. c3 Bg7 5. Bd3 Bg4 6. h3 Bxf3 7. Qxf3 e5 8. d5 Nb8 9. c4 Nd7 10. Nc3 Ne7 11. Rb1 0-0 12. b4 f5 13. 0-0 fxe4 14. Qxe4 Nf5 15. Qe1 a6 16. a3 Qe7 17. Ne4 h6 18. Bb2 Rae8 19. Qd2 Nf6 20. Nxf6+ Rxf6 21. Rbe1 Qd7 22. Be4 Ref8 23. c5 Nh4 24. Qd3 g5 25. c6 bxc6 26. dxc6 Qc8 27. Re3 Kh8 28. Rg3 Qa8 29. a4 Qa7 30. Qe3 Qb8 31. Bc3 d5 32. Bxe5 dxe4 33. Bxf6 Rxf6 34. Qxe4 Rf4 35. Qe7 Nf5 36. Qd7 Nxg3 37. Re1 Rf8 38. fxg3 Qxb4 0-1